01179nam a22002535a 450000500170000000800410001702000180005804000280007608200190010410000250012324500790014826000650022730000340029250000260032652003100035265000270066265100100068965300210069970000260072070000240074694200080077099900170077895201300079520160323114529.0160323t2009 ii a fr 001 0 eng d a9788190746236 aEG-ScBUEbengcEG-ScBUE04a668.9bASH2221 aAshraf, S. M.93964112aA laboratory manual of polymers /cS. M. Ashraf, Sharif Ahmed, Ufana Riaz. aNew Delhi : bI. K. International Publishing House,cc.2009. axii, 122 p. :bill. ;c24 cm. aIndex : p. [121]-122. aOffers easy-to-do laboratory activities that help students in understanding the basic principles of polymer synthesis, structure and functions. This book intends to enable the students prepare a variety of common polymers to investigate their properties as well as to discover their uses and applications. 7apolymers.2BUEsh95875 2BUEsh bPPhrmcMarch20161 aAhmed, Sharif.9396421 aRiaz, Ufana.939643 2ddc c21485d21457 00102ddc40708Scien. H.aMAINbMAINc1STd2016-03-23ePurchaseg50.00h1l0o668.9 ASHp000032155r2025-07-15 00:00:00yBB